| 000 | 00503nam a2200145 i 4500 | ||
|---|---|---|---|
| 001 | 183858 | ||
| 003 | ES-MaACL | ||
| 005 | 20230906222003.0 | ||
| 008 | 141030s1898 sp |||| | spa d | ||
| 110 | 2 |
_aEspaña. _bJunta de Aranceles y Valoraciones. _9155810 |
|
| 245 | 1 | 0 |
_aReal Decreto Orgánico _b: personal y reglamento de la misma / _cJunta de Aranceles y Valoraciones. |
| 260 |
_aMadrid : _b[s.n.], _c1898 ( _fHijos de J. A. García) |
||
| 300 |
_a70 p. ; _c18 cm. |
||
| 852 |
_aES-MaACL _jT-758-F-2 |
||
| 999 |
_c183858 _d183858 |
||